|
|
|
|
| LEADER |
01022nam a2200265 a 4500 |
| 001 |
708634 |
| 008 |
090702s1998 mau b 001 0 eng d |
| 010 |
|
|
|a \\\97020348
|
| 020 |
|
|
|a 0631200282 (alk. paper)
|
| 020 |
|
|
|a 0631200290 (pbk. : alk. paper)
|
| 040 |
|
|
|a DLC
|c DLC
|d DLC
|
| 082 |
0 |
0 |
|a 801
|2 21
|
| 245 |
0 |
0 |
|a Literary theory, an anthology /
|c edited by Julie Rivkin and Michael Ryan.
|
| 260 |
|
|
|a Malden, Mass. :
|b Blackwell,
|c 1998.
|
| 300 |
|
|
|a xxii, 1130 p. ;
|c 23 cm.
|
| 504 |
|
|
|a Includes bibliographical references and index.
|
| 541 |
1 |
|
|e 00009266
|
| 650 |
|
0 |
|a Literature
|x Philosophy.
|
| 650 |
|
0 |
|a Literature
|x History and criticism
|x Theory, etc.
|
| 700 |
1 |
|
|a Rivkin, Julie.
|
| 700 |
1 |
|
|a Ryan, Michael,
|d 1951-
|
| 852 |
4 |
|
|a Ayesha Abed Library
|j General shelf
|
| 942 |
0 |
0 |
|0 1
|
| 999 |
|
|
|c 1973
|d 1973
|
| 952 |
|
|
|0 0
|1 4
|2 ddc
|4 1
|6 801_000000000000000_LIT
|7 0
|9 1810
|a BRACUL
|b BRACUL
|c SPS
|d 2009-07-02
|g 0.00
|l 6
|m 21
|o 801 LIT
|p 3010009266
|r 2018-03-04
|s 2018-01-15
|t 1
|w 2009-07-02
|y BK
|x No price found in the accession register.
|